000 00676cam a2200205 a 4500
001 000007605
005 20200929154229.0
008 831214s1982 ag a b 000 0 spa
020 _a9500169002
040 _aDO-SdBNP
_cDLC
_dDLC
050 0 0 _aF3031
_b.D473 1982
082 _a997/.11
_bD476m
100 1 _aDestefani, Laurio Hedelvio.
_921083
245 1 0 _aMalvinas, Georgias y Sandwich del Sur, ante el conflicto con Gran Bretana /
_cLaurio H. Destefani.
260 _aBuenos Aires :
_bEDIPRESS,
_c1982.
300 _a144 p. :
_bil. ;
_c20 cm.
504 _aBibliografía: p. 140-143.
651 0 _aFalkland Islands
_xHistory.
_921084
910 _aCatalogación por copia / LC
999 _c7385
_d7385